Library Logo

Pioneer International University Library Catalogue

Focus groups : (Record no. 3051)

MARC details
000 -LEADER
fixed length control field 00540cam a2200169 a 4500
005 - DATE AND TIME OF LATEST TRANSACTION
control field 20250901165359.0
008 - FIXED-LENGTH DATA ELEMENTS--GENERAL INFORMATION
fixed length control field 870319s1987 ilu b 001 0 eng
010 ## - LIBRARY OF CONGRESS CONTROL NUMBER
LC control number 87004977
020 ## - INTERNATIONAL STANDARD BOOK NUMBER
International Standard Book Number 0917253787 :
Terms of availability $24.95
050 00 - LIBRARY OF CONGRESS CALL NUMBER
Classification number HF5415.2 .T43 1987
Item number .T43 1987
082 00 - DEWEY DECIMAL CLASSIFICATION NUMBER
Classification number 658.8/3
Edition information 19
100 1# - MAIN ENTRY--PERSONAL NAME
Personal name Templeton, Jane Farley.
245 10 - TITLE STATEMENT
Title Focus groups :
Remainder of title a guide for marketing & advertising professionals /
Statement of responsibility, etc. Jane Farley Templeton.
260 ## - PUBLICATION, DISTRIBUTION, ETC.
Place of publication, distribution, etc. Chicago, Ill. :
Name of publisher, distributor, etc. Probus Pub. Co.,
Date of publication, distribution, etc. c1987.
300 ## - PHYSICAL DESCRIPTION
Extent xiii, 315 p. ;
Dimensions 24 cm.
942 ## - ADDED ENTRY ELEMENTS (KOHA)
Source of classification or shelving scheme Dewey Decimal Classification
Holdings
Withdrawn status Lost status Source of classification or shelving scheme Damaged status Not for loan Home library Current library Shelving location Date acquired Total checkouts Full call number Barcode Date last seen Price effective from Koha item type
    Library of Congress Classification     Main Library Main Library   03/19/2021   HF5415.2 .T43 1987 PIU0005871 03/19/2021 03/19/2021 Books